000 00786nam a22002297a 4500
999 _c17786
_d17786
003 AR-CdUCM
008 190314b ||||| |||| 00| 0 spa d
040 _aMUNICIPALIDAD PROVINCIAL DEL CUSCO
_cBIBLIOTECA MUNICIPAL DEL CUSCO
082 _a869.56 /
_bL86M / 1957
100 _aLopez Albujar, Enrique
_96
245 _aLos Mejores Cuentos /
260 _aLima :
_bNicolini Hermanos,
_c1957.
300 _a120 paginas ;
_c18 cm.
500 _aPrologo de Juan Rios Donación familia Nieto
505 _aContenido : Prologo -- Huayna - Pishtanag -- El campeón de la muerte -- Ushanam-Jampi ...
650 _aCuentos
_9312
650 _aHistorias
_92725
650 _aLiteratura
_983
700 _aRíos, Juan (prologo)
_917952
942 _2ddc
_cLIBROS
945 _arah
_d09/05/2019